Encyclopedia of Indian Saints and Sages (Record no. 515136)

000 -LEADER
fixed length control field 00358nam a22001217a 4500
082 ## - DEWEY DECIMAL CLASSIFICATION NUMBER
Classification number TNC AB45X54 J199
100 ## - MAIN ENTRY--PERSONAL NAME
Personal name Jain, Indu
9 (RLIN) 20269
245 ## - TITLE STATEMENT
Title Encyclopedia of Indian Saints and Sages
260 ## - PUBLICATION, DISTRIBUTION, ETC. (IMPRINT)
Place of publication, distribution, etc New Delhi
Name of publisher, distributor, etc Bennett, coleman
Date of publication, distribution, etc 2019
300 ## - PHYSICAL DESCRIPTION
Extent 264p.
440 ## - SERIES STATEMENT/ADDED ENTRY--TITLE
Volume number/sequential designation 2 vol.
9 (RLIN) 20270
650 ## - SUBJECT ADDED ENTRY--TOPICAL TERM
Topical term or geographic name as entry element Saints-India, India-Religion-Social aspects Hinduism
9 (RLIN) 20271
Holdings
Withdrawn status Lost status Source of classification or shelving scheme Damaged status Koha normalized classification for sorting Not for loan Permanent location Current location Date acquired Full call number Barcode Date last seen Price effective from Koha item type
        TNC_AB45X54_J199   Indian Institute of Public Administration Indian Institute of Public Administration 2021-01-12 TNC AB45X54 J199 GR22153 2021-01-12 2021-01-12 GR

Powered by Koha